| 000 | 00646 a2200193 4500 | ||
|---|---|---|---|
| 020 | _a0065442016 | ||
| 020 | _a9780065442014 | ||
| 090 |
_c350 _d350 |
||
| 100 | 1 | _aSobel, Max A. | |
| 245 | 1 | 0 |
_aHarper & row geometry / _cMax A. Sobel. |
| 260 |
_a[S.l.] : _bMacmillian Publishing Company, _c1986. |
||
| 300 | _a1 v. (unpaged) | ||
| 490 | 1 | _aTeacher's edition. | |
| 500 | _aHardcover. | ||
| 830 | 0 | _aTeacher's edition. | |
| 856 | 4 | 0 |
_3Amazon.com _uhttp://www.amazon.com/exec/obidos/ASIN/0065442016/chopaconline-20 |
| 856 | 4 | 0 |
_3Amazon customer reviews _uhttp://www.chopac.org/cgi-bin/tools/azrev.pl?q=0065442016 |
| 942 |
_aNBS _cBK _k516.005 SOB |
||
| 999 |
_c342917 _d342917 |
||